000 00326nam a22001457a 4500
008 230531b ||||| |||| 00| 0 eng d
020 _a9780538471985
041 _aeng
080 _2THIRD EDITION
_a339
082 _a339HEN
100 _a23
101 _aMBE
245 _aGLOBAL MARKETING
_cHENNESSEY .G
942 _2udc
_cBK
999 _c59886
_d59886